| 000 | 00612nam a2200181Ia 4500 | ||
|---|---|---|---|
| 008 | 090630s9999 xx 000 0 und d | ||
| 082 | _b18817 | ||
| 100 | _aनानल रमेश म. | ||
| 245 |
_aऋतुचक्र आणि आहार. _cनानल रमेश म. |
||
| 260 |
_bघरकुल - पुणे. _c1985 |
||
| 300 | _a32 | ||
| 600 | _aनानल रमेश म. | ||
| 630 | _aऋतुचक्र आणि आहार. | ||
| 655 | _aइतर. | ||
| 700 | _aनानल रमेश म. | ||
| 730 | _aऋतुचक्र आणि आहार. | ||
| 942 | _cBOOK | ||
| 999 |
_c270673 _d270673 |
||